Score 0/300 Timer 07:00
0 Plays Today
Lyrics % Correct
Evan: I
98.3%
I
98.3%
I
98.3%
I
98.3%
I
98.3%
I
98.3%
I
98.3%
I
98.3%
I
98.3%
I
98.3%
I
98.3%
I
98.3%
I
98.3%
I
98.3%
I
98.3%
I
98.3%
I
98.3%
I
98.3%
I
98.3%
I
98.3%
I
98.3%
I
98.3%
I
98.3%
I
98.3%
I
98.3%
I
98.3%
I
98.3%
the
94.8%
the
94.8%
the
94.8%
the
94.8%
the
94.8%
the
94.8%
the
94.8%
a
89.7%
a
89.7%
a
89.7%
a
89.7%
to
84.5%
to
84.5%
to
84.5%
to
84.5%
to
84.5%
to
84.5%
to
84.5%
to
84.5%
to
84.5%
me
82.8%
me
82.8%
be
81%
be
81%
you
77.6%
you
77.6%
you
77.6%
you
77.6%
you
77.6%
you
77.6%
you
77.6%
you
77.6%
you
77.6%
on
74.1%
it
72.4%
it
72.4%
So
72.4%
of
72.4%
of
72.4%
of
72.4%
it
72.4%
of
72.4%
of
72.4%
So
72.4%
it
72.4%
it
72.4%
it
72.4%
It
72.4%
it
72.4%
of
72.4%
go
70.7%
No
70.7%
No
70.7%
in
70.7%
go
70.7%
No
70.7%
No
70.7%
no
70.7%
for
69%
and
69%
and
69%
And
69%
and
69%
and
69%
and
69%
that
67.2%
that
67.2%
there
67.2%
that
67.2%
there
67.2%
there, right there, right there
67.2%
that
67.2%
that
67.2%
Lyrics % Correct
there
67.2%
that
67.2%
can
65.5%
know
65.5%
can
65.5%
can
65.5%
know
65.5%
can
65.5%
make
63.8%
make
63.8%
make
63.8%
make
63.8%
say, something to say
62.1%
say
62.1%
who
62.1%
see
62.1%
who
62.1%
who
62.1%
all
62.1%
all
62.1%
I've
62.1%
say
62.1%
see
62.1%
see
62.1%
see
62.1%
see
62.1%
I've
62.1%
see
62.1%
this
60.3%
this
60.3%
this
60.3%
before
60.3%
not
60.3%
is
60.3%
This
60.3%
this
60.3%
before
60.3%
before
60.3%
before
60.3%
never
58.6%
never
58.6%
would
58.6%
could
58.6%
never
58.6%
had
58.6%
never
58.6%
had
58.6%
could
58.6%
never
58.6%
had
58.6%
had
58.6%
had
58.6%
want
58.6%
never
58.6%
out
56.9%
was
56.9%
was
56.9%
was
56.9%
with
56.9%
far
55.2%
Words
55.2%
fail, words fail
55.2%
nothing
55.2%
Nothing
55.2%
Words
55.2%
fail, words fail
55.2%
nothing
55.2%
have
55.2%
have
55.2%
just
53.4%
just
53.4%
just
53.4%
if
53.4%
just
53.4%
learned
53.4%
thought
51.7%
there's
51.7%
thought
51.7%
or
51.7%
there's
51.7%
it's
51.7%
it's
51.7%
even
51.7%
something
50%
she
50%
wanted
50%
too
50%
wanted
50%
don't
50%
something
50%
something
50%
don't
50%
slam
50%
meant
48.3%
part
48.3%
thing
48.3%
part
48.3%
'Cause
48.3%
That's
48.3%
but
48.3%
Lyrics % Correct
let
48.3%
'Cause
48.3%
'Cause
48.3%
one
48.3%
'Cause
48.3%
let
48.3%
them
48.3%
mess
46.6%
good
46.6%
dad
46.6%
mom
46.6%
mom
46.6%
things
46.6%
done
46.6%
everything
46.6%
everything
46.6%
right
46.6%
we
46.6%
mess
46.6%
at
46.6%
turn
46.6%
worst
46.6%
worst of me
46.6%
stuck
44.8%
front
44.8%
believe
44.8%
true
44.8%
true
44.8%
believe
44.8%
believe
44.8%
I'm
44.8%
I'm
44.8%
am
44.8%
key
44.8%
mistake
44.8%
such
43.1%
here
43.1%
girl
43.1%
none
43.1%
then
43.1%
then
43.1%
stand
41.4%
guess
41.4%
kind
41.4%
somehow
41.4%
jokes
41.4%
baseball
41.4%
gloves
41.4%
worthy
41.4%
explanation
41.4%
sense
41.4%
these
41.4%
guess
41.4%
guess
41.4%
give
41.4%
up
41.4%
guess
41.4%
these
41.4%
perfect
39.7%
sometimes
39.7%
sometimes
39.7%
wish
39.7%
I'd
39.7%
look
39.7%
look at it
39.7%
lead
39.7%
searching
37.9%
corny
37.9%
think
37.9%
real
37.9%
couldn't
37.9%
couldn't
37.9%
except
36.2%
bit
36.2%
sad
36.2%
brakes
36.2%
little
34.5%
invention
34.5%
were
34.5%
sorry
32.8%
maybe
32.8%
wants
32.8%
wasn't
32.8%
really
32.8%
really
32.8%
everybody
29.3%
needs
29.3%
than
29.3%
than
29.3%
noone
27.6%
gets
27.6%
what's
25.9%
other
25.9%
other
25.9%
pretend
24.1%
broken
24.1%
parts
24.1%
Pretend
24.1%
happy
22.4%
rather
22.4%
Remove Ads.
Support Sporcle.
Get the best of Sporcle when you Go Orange. This ad-free experience offers more features, more stats, and more fun while also helping to support Sporcle. Thank you for becoming a member.

You're not logged in!

Compare scores with friends on all Sporcle quizzes.
OR
Log In

Show Comments

Extras

Top Quizzes Today


Score Distribution

Your Account Isn't Verified!

In order to create a playlist on Sporcle, you need to verify the email address you used during registration. Go to your Sporcle Settings to finish the process.

Report this User

Report this user for behavior that violates our Community Guidelines.

Details: